Digitos de pi - Statistics

Estatísticas Gerais
  • Esse quiz foi jogado 624 vezes
  • A pontuação média é 19 de 70
Estatísticas das Respostas
P Resposta % Correto
2 1
100%
1 3
100%
3 4
98%
4 1
96%
5 5
93%
6 9
85%
7 2
79%
8 6
74%
9 5
68%
10 3
65%
11 5
61%
12 8
59%
13 9
57%
14 7
55%
15 9
53%
16 3
52%
17 2
50%
18 3
48%
20 4
42%
19 8
42%
22 2
40%
21 6
40%
23 6
39%
24 4
37%
25 3
36%
26 3
29%
27 8
26%
28 3
25%
29 2
23%
30 7
21%
31 9
20%
33 0
17%
32 5
17%
34 2
14%
37 4
13%
35 8
13%
36 8
13%
38 1
12%
39 9
10%
41 1
9%
40 7
9%
44 3
7%
42 6
7%
50 1
6%
47 3
6%
49 5
6%
48 7
6%
43 9
6%
45 9
6%
46 9
6%
51 0
2%
55 0
2%
69 1
2%
54 2
2%
65 3
2%
58 4
2%
60 4
2%
61 4
2%
52 5
2%
53 8
2%
66 0
1%
64 2
1%
62 5
1%
70 6
1%
57 7
1%
67 7
1%
68 8
1%
56 9
1%
59 9
1%
63 9
1%
Nenhum quiz correspondente encontrado
Distribuição das Pontuações
Porcentagem de Pessoas com Cada Pontuação
Percentil de Números Respondidos
Sua Pontuação Histórica
Você não jogou esse quiz